| 000 | 00880nam0a22002771 4500 | ||
|---|---|---|---|
| 001 | rc\4583259 | ||
| 005 | 20250612123516.0 | ||
| 021 |
_aRU _b[58-53815] |
||
| 035 | _a(NLR Aleph) 008657283 | ||
| 090 |
_a9039134 _c9039134 |
||
| 100 | _a20130416d1958 |||y0rusy50 ca | ||
| 101 | 0 | _arus | |
| 102 | _aRU | ||
| 105 | _aa z ||||| | ||
| 200 | 1 |
_aСтрижка и бритье _e(Пособие для самообслуживания) |
|
| 210 |
_aМосква _cИзд-во М-ва коммун. хозяйства РСФСР _d1958 |
||
| 215 |
_a68 с. _cил. _d22 |
||
| 606 |
_aБритье _2psbo |
||
| 606 |
_aВолосы _xУход _2psbo |
||
| 606 |
_aСтрижка _2psbo |
||
| 700 | 1 |
_aМейтарджянц _bХ.А. _gХачатур Аванесович |
|
| 801 | 0 |
_aRU _bNLR _gpsbo |
|
| 801 | 1 |
_aRU _bELAR _2rusmarc |
|
| 852 |
_aNLR _j58-6/7913 |
||
| 942 | _cBOOK | ||
| 980 | _aNB | ||